Use of social media: (Record no. 122003)

MARC details
000 -LEADER
fixed length control field 01077nam a22002177a 4500
008 - FIXED-LENGTH DATA ELEMENTS--GENERAL INFORMATION
fixed length control field 240923t2024 xxk|||||o|||| 00| 0 eng d
041 ## - LANGUAGE CODE
Language code of text/sound track or separate title eng
110 ## - MAIN ENTRY--CORPORATE NAME
Corporate author Royal Institution of Chartered Surveyors
245 ## - TITLE STATEMENT
Title Use of social media:
Subtitle guidance for RICS members
Medium [electronic publication]
260 ## - PUBLICATION INFORMATION
Place of publication London,
Publisher Royal Institution of Chartered Surveyors,
Date September 2024
300 ## - PHYSICAL DESCRIPTION
Physical description 3p.
490 ## - SERIES TITLE
Series statement RICS Regulation
520 ## - ABSTRACT
Abstract Effective from 1 September 2024. This guidance helps RICS members and regulated firms understand how the Rules of Conduct apply to the use of social media, and what RICS will take into account when concerns about social media use are reported.
520 ## - ABSTRACT
Abstract Replaces Version 1 that was in effect from 30 June 2021 to end of August 2024
650 ## - KEYWORDS
Keywords MARKETING
650 ## - KEYWORDS
Keywords SOCIAL MEDIA
651 ## - SUBJECT ADDED ENTRY--GEOGRAPHIC NAME
Geographic name International
710 ## - ADDED CORPORATE NAME
Added corporate author Royal Institution of Chartered Surveyors
856 ## - ONLINE RESOURCE
Uniform Resource Identifier <a href="https://www.rics.org/content/dam/ricsglobal/documents/regulation/Use-of-social-media-guidance_Sept2024.pdf">https://www.rics.org/content/dam/ricsglobal/documents/regulation/Use-of-social-media-guidance_Sept2024.pdf</a>
Public note Available free on RICS.org
942 ## - ADDED ENTRY ELEMENTS (KOHA)
Suppress in OPAC Do not suppress in OPAC
Holdings
Lost status Damaged status Not for loan Current library Shelving location Date acquired Total Checkouts Full call number Date last seen Price effective from Koha item type
      Virtual Online 23/09/2024   ONLINE PUBLICATION 23/09/2024 23/09/2024 Online material